Music Quiz

Random Music or Lyrics Quiz

Greek Fire - Top of the World Lyrics Quiz Stats

 Plays Quiz not verified by Sporcle

Challenge
Share
Tweet
Embed
Score 0/291 Timer 10:00
0 Plays Today
% Correct
the
100%
the
100%
the
100%
the
100%
the
100%
and
100%
a
100%
a
100%
the
100%
the
100%
the
100%
the
100%
The
100%
and
100%
and
100%
a
100%
the
100%
the
100%
the
100%
the
100%
the
100%
a
100%
and
100%
the
100%
the
100%
the
100%
the
100%
top
95.9%
of
95.9%
world
95.9%
top
95.9%
of
95.9%
to
95.9%
top
95.9%
of
95.9%
world
95.9%
I
95.9%
I
95.9%
to
95.9%
to
95.9%
to
95.9%
I
95.9%
I
95.9%
I
95.9%
top
95.9%
of
95.9%
world
95.9%
top
95.9%
of
95.9%
to
95.9%
top
95.9%
of
95.9%
world
95.9%
top
95.9%
of
95.9%
to
95.9%
top
95.9%
of
95.9%
world
95.9%
I
95.9%
I
95.9%
I
95.9%
I
95.9%
top
95.9%
of
95.9%
world
95.9%
top
95.9%
of
95.9%
to
95.9%
top
95.9%
of
95.9%
world
95.9%
I
95.9%
top
95.9%
of
95.9%
world
95.9%
of
95.9%
of
95.9%
to
95.9%
top
95.9%
of
95.9%
world
95.9%
top
95.9%
of
95.9%
to
95.9%
top
95.9%
of
95.9%
world
95.9%
top
95.9%
of
95.9%
to
95.9%
top
95.9%
of
95.9%
world
95.9%
top
95.9%
of
95.9%
to
95.9%
% Correct
top
95.9%
of
95.9%
world
95.9%
On
91.8%
on
91.8%
it
91.8%
on
91.8%
on
91.8%
on
91.8%
On
91.8%
on
91.8%
it
91.8%
On
91.8%
on
91.8%
it
91.8%
on
91.8%
on
91.8%
On
91.8%
on
91.8%
it
91.8%
on
91.8%
on
91.8%
On
91.8%
on
91.8%
it
91.8%
On
91.8%
on
91.8%
it
91.8%
On
91.8%
on
91.8%
it
91.8%
on
91.8%
an
89.8%
an
89.8%
am
87.8%
am
87.8%
I'm
87.8%
am
87.8%
am
87.8%
I'm
87.8%
I'm
87.8%
I'm
87.8%
I'm
87.8%
I'm
87.8%
all
85.7%
in
85.7%
all
85.7%
all
85.7%
in
85.7%
all
85.7%
all
85.7%
all
85.7%
all
85.7%
all
85.7%
trying
83.7%
feel
83.7%
Dying
83.7%
remember
83.7%
my
83.7%
remember
83.7%
Here
83.7%
can't
83.7%
Here
83.7%
my
83.7%
trying
83.7%
feel
83.7%
trying
83.7%
feel
83.7%
dying
83.7%
remember
83.7%
Here
83.7%
can't
83.7%
Here
83.7%
my
83.7%
trying
83.7%
feel
83.7%
dying
83.7%
here
83.7%
dying
83.7%
trying
83.7%
feel
83.7%
trying
83.7%
feel
83.7%
trying
83.7%
feel
83.7%
dying
83.7%
invincible
81.6%
up
81.6%
Living
81.6%
dream
81.6%
own
81.6%
invincible
81.6%
invincible
81.6%
up
81.6%
Living
81.6%
dream
81.6%
own
81.6%
% Correct
invincible
81.6%
up
81.6%
invincible
81.6%
invincible
81.6%
invincible
81.6%
for
79.6%
hold
79.6%
everything
79.6%
was
79.6%
hold
79.6%
for
79.6%
for
79.6%
nights
77.6%
Caught
77.6%
days
77.6%
not
77.6%
Caught
77.6%
angels
77.6%
were
77.6%
alright
77.6%
No
77.6%
no
77.6%
anything
75.5%
than
75.5%
life
75.5%
open
75.5%
soul
75.5%
that
75.5%
demons
75.5%
that
75.5%
me
75.5%
me
75.5%
soul
75.5%
dreaming
73.5%
more
73.5%
ordinary
73.5%
page
73.5%
behaved
73.5%
they
73.5%
could
73.5%
reach
73.5%
Watching
71.4%
prove
71.4%
lies
71.4%
paradise
71.4%
slaves
71.4%
beneath
71.4%
wishing
71.4%
(Yeah)
71.4%
(Yeah)
71.4%
(Oh)
71.4%
(Yeah)
71.4%
(Yeah)
71.4%
(Oh)
71.4%
(Yeah)
71.4%
(Yeah)
71.4%
(Yeah)
71.4%
(Yeah)
71.4%
(Oh)
71.4%
(Oh)
71.4%
(Yeah)
71.4%
(Yeah)
71.4%
(Yeah)
71.4%
(Yeah)
71.4%
(Oh)
71.4%
(Oh)
71.4%
door
69.4%
New
69.4%
beginnings
69.4%
something
69.4%
betray
69.4%
hear
69.4%
crowds
69.4%
But
69.4%
It's
69.4%
innocence
69.4%
innocence
69.4%
But
69.4%
goodbyes
67.3%
With
67.3%
nothing
67.3%
lose
67.3%
building
67.3%
alone
67.3%
room
65.3%
room
65.3%
walls
63.3%
gold
63.3%
heart
63.3%
Inside
61.2%
too
61.2%
happiness
59.2%
outside
57.1%
been
57.1%
show
57.1%
late
57.1%
confess
57.1%

You're not logged in!

Compare scores with friends on all Sporcle quizzes.
Join for Free
OR
Log In

You Might Also Like...

Show Comments

Extras

Top Quizzes Today


Score Distribution

Your Account Isn't Verified!

In order to create a playlist on Sporcle, you need to verify the email address you used during registration. Go to your Sporcle Settings to finish the process.

Report this User

Report this user for behavior that violates our Community Guidelines.

Details: